000 00508nam a2200169 4500
001 126400
003 ES-MaACL
005 20230906192819.0
007 t|
008 070214s1923 fr r ||||1| fre d
100 1 _aRennes, Jacques.
_996226
245 1 0 _aImmunité, immunisation /
_cJ. Rennes ; préface de F. Widal.
260 _aParis :
_b[s. n.],
_c1923 (
_eVersailles :
_fImp. La Guttenberg)
300 _aVI, 345 p. ;
_c19 x 14 cm.
700 0 _aWidal, Fernad.
_9116744
852 _aES-MaACL
_jB-11734
999 _c126400
_d126400